MARC details
| 000 -LEADER |
| fixed length control field |
02223nam a22003497a 4500 |
| 001 - CONTROL NUMBER |
| control field |
102500 |
| 003 - CONTROL NUMBER IDENTIFIER |
| control field |
KnowledgeUnlatched |
| 005 - DATE AND TIME OF LATEST TRANSACTION |
| control field |
20210303105010.0 |
| 006 - FIXED-LENGTH DATA ELEMENTS--ADDITIONAL MATERIAL CHARACTERISTICS |
| fixed length control field |
m o d |
| 007 - PHYSICAL DESCRIPTION FIXED FIELD--GENERAL INFORMATION |
| fixed length control field |
cr u|||||||||| |
| 008 - FIXED-LENGTH DATA ELEMENTS--GENERAL INFORMATION |
| fixed length control field |
210129p20192019enk o u00| u eng d |
| 037 ## - SOURCE OF ACQUISITION |
| Institution to which field applies |
BiblioBoard |
| 020 ## - INTERNATIONAL STANDARD BOOK NUMBER |
| International Standard Book Number |
9781350049000 |
| 029 1# - OTHER SYSTEM CONTROL NUMBER (OCLC) |
| OCLC library identifier |
https://library.biblioboard.com/ext/api/media/9b32c965-e6ed-4573-b507-92b1eaf799a5/assets/thumbnail.jpg |
| 040 ## - CATALOGING SOURCE |
| Original cataloging agency |
ScCtBLL |
| Transcribing agency |
ScCtBLL |
| 100 1# - MAIN ENTRY--PERSONAL NAME |
| Personal name |
Petrov, Julia |
| Relator term |
author. |
| 245 00 - TITLE STATEMENT |
| Title |
Fashion, History, Museums |
| Remainder of title |
Inventing the display of dress / |
| Statement of responsibility, etc. |
Julia Petrov. |
| 264 #1 - PRODUCTION, PUBLICATION, DISTRIBUTION, MANUFACTURE, AND COPYRIGHT NOTICE |
| Name of producer, publisher, distributor, manufacturer |
Bloomsbury Academic, |
| 300 ## - PHYSICAL DESCRIPTION |
| Extent |
1 online resource (1 p.) |
| 506 0# - RESTRICTIONS ON ACCESS NOTE |
| Terms governing access |
Access copy available to the general public. |
| Standardized terminology for access restriction |
Unrestricted |
| Source of term |
star |
| 520 ## - SUMMARY, ETC. |
| Summary, etc. |
The last decade has seen the growing popularity and visibility of fashion as a cultural product, including its growing presence in museum exhibitions. This book explores the history of fashion curating and exhibitions, highlighting the continuity of past and present curatorial practices. Comparing and contrasting exhibitions from different museums and decades - from the Paris Exposition Universelle of 1900 to the Alexander McQueen Savage Beauty show at the Metropolitan Museum of Art in 2011 - it makes connections between museum fashion and the wider fashion industry. By critically analyzing trends in fashion exhibition practice over the twentieth and early twenty-first centuries, Julia Petrov defines and describes the varied representations of historical fashion within British and North American museum exhibitions. |
| 588 0# - SOURCE OF DESCRIPTION NOTE |
| Source of description note |
Description based on print version record. |
| 590 ## - LOCAL NOTE (RLIN) |
| Local note |
KU Select 2018: HSS Frontlist Books |
| 650 #7 - SUBJECT ADDED ENTRY--TOPICAL TERM |
| Topical term or geographic name entry element |
Design / Fashion & Accessories |
| Source of heading or term |
bisacsh |
| 650 #0 - SUBJECT ADDED ENTRY--TOPICAL TERM |
| Topical term or geographic name entry element |
Design |
| 655 #0 - INDEX TERM--GENRE/FORM |
| Genre/form data or focus term |
Electronic books. |
| 758 ## - |
| -- |
Is found in: |
| -- |
Knowledge Unlatched |
| -- |
https://openresearchlibrary.org/module/2774bc74-146a-484f-a7ba-ab1d6a09bbfb |
| 856 40 - ELECTRONIC LOCATION AND ACCESS |
| Uniform Resource Identifier |
<a href="https://openresearchlibrary.org/content/9b32c965-e6ed-4573-b507-92b1eaf799a5">https://openresearchlibrary.org/content/9b32c965-e6ed-4573-b507-92b1eaf799a5</a> |
| Public note |
View this content on Open Research Library. |
| -- |
0 |